header

Portfolio-analysis methods for assessing capability options (Record no. 152937)

MARC details
000 -LEADER
fixed length control field 01386nam a2200349 a 4500
082 04 - DEWEY DECIMAL CLASSIFICATION NUMBER
Classification number 355.6/840973
100 1# - MAIN ENTRY--AUTHOR NAME
Personal name Davis, Paul K.,
245 10 - TITLE STATEMENT
Title Portfolio-analysis methods for assessing capability options
260 ## - PUBLICATION, DISTRIBUTION, ETC. (IMPRINT)
Place of publication Santa Monica, CA :
Name of publisher RAND Corporation,
Year of publication 2008.
300 ## - PHYSICAL DESCRIPTION
Number of Pages xxxviii, 163 p. :
Other physical details ill. (some col.).
650 #0 - SUBJECT ADDED ENTRY--TOPICAL TERM
Topical Term Military planning
Topical Term Strategy.
700 1# - ADDED ENTRY--PERSONAL NAME
Personal name Shaver, R. D.
Personal name Beck, Justin.
856 40 - ELECTRONIC LOCATION AND ACCESS
Uniform Resource Identifier http://site.ebrary.com/lib/rucke/Doc?id=10235180

No items available.

© 2026 Rongo University
Contact us: librarian | system librarian | Rongo university